Middle Eastern Cities - Statistics

General Stats
  • This quiz has been taken 22 times
  • The average score is 11 of 12
Answer Stats
Picture Hint Answer % Correct
10.5m, 🇮🇶 Baghdad
100%
2.7m, 🇦🇪 Abu Dhabi
94%
5.6m, 🇹🇷 Ankara
94%
15.5m, 🇹🇷 Istanbul
94%
10.5m, 🇸🇦 Riyadh
94%
16.6m, 🇮🇷 Tehran
94%
5.6m, 🇦🇪 Dubai
88%
957k, 🇮🇱 Jerusalem
88%
2.9m, 🇸🇾 Damascus
82%
4.6m, 🇸🇦 Jeddah
82%
2.0m, 🇸🇦 Mecca
82%
4.1m, 🇮🇱 Tel Aviv
82%
No matching quizzes found
Score Distribution
Percent of People with Each Score
Percentile by Number Answered
Your Score History
You have not taken this quiz